Statistics for Patrick Swayze Filmography

Click here to take the quiz!

General Stats

  • This quiz has been taken 98 times
    (33 since last reset)
  • The average score is 9 of 63

Answer Stats

TypeYearName% Correct
Film1990Ghost
93%
Film1987Dirty Dancing
89%
Film1989Road House
70%
Film1991Point Break
59%
Film1983The Outsiders
48%
Film2001Donnie Darko
44%
Film1984Red Dawn
44%
TV Show1990Saturday Night Live
41%
Film2004Dirty Dancing: Havana Nights
30%
Film1989Next of Kin
22%
TV Show2009The Beast
22%
Film1995To Wong Foo, Thanks for Everything! Julie Newmar
22%
Film1998Black Dog
19%
Film2005Keeping Mum
19%
Film1995Tall Tale: The Unbelievable Adventures of Pecos Bill
19%
Film1986Youngblood
19%
Film1992City of Joy
15%
Film1984Grandview, U.S.A.
15%
TV Mini-Series1985North and South
15%
TV Mini-Series1986North and South, Book II
15%
Film1987Steel Dawn
15%
Film1995Three Wishes
15%
Film1983Uncommon Valor
15%
Film1993Father Hood
11%
Film2001Green Dragon
11%
Film2009Powder Blue
11%
Music Video1987She's Like the Wind
11%
Film1988Tiger Warsaw
11%
Film2002Waking Up in Reno
11%
Film2000Forever Lulu
7%
TV Film2004George and the Dragon
7%
Film1998Letters from a Killer
7%
TV Show1981M*A*S*H
7%
Film2003One Last Dance
7%
Film2006The Fox and the Hound 2
7%
Film200311:14
4%
TV Show1986Amazing Stories
4%
Film2007Christmas in Wonderland
4%
TV Show2005Dancing with the Stars
4%
Theater1972Grease
4%
TV Film2005Icon
4%
Film2008Jump!
4%
TV Film1982Off Sides (Pigs vs. Freaks)
4%
TV Film1981Return of the Rebels
4%
Film1979Skatetown, U.S.A.
4%
TV Film1980The Comeback Kid
4%
Film1992The Player
4%
TV Show2004Whoopi
4%
Film2003Abby Singer
0%
Commercial1979Burger King
0%
Theater2003Chicago
0%
Theater1975Goodtime Charley
0%
Theater2006Guys and Dolls
0%
TV Show1998Hollywood Squares
0%
Documentary2019I Am Patrick Swayze
0%
TV Mini-Series2004King Solomon's Mines
0%
Music Video2003Murder Reigns
0%
Commercial1970sPabst Blue Ribbon Beer
0%
Music Video1982Roseanna
0%
Film1988Swayze Dancing
0%
Theater1974The Music Man
0%
TV Show1983The Renegades
0%
Theater1977West Side Story
0%

Score Distribution

Percentile by Number Answered

Percent of People with Each Score

Your Score History

You have not taken this quiz since the last reset